000 00920nam a22003137a 4500
003 CHAP
005 20220329135958.0
008 971013s1971 r 00010 d
010 _a45040
011 _a46012
035 _a50152
040 _cCHAP
082 _a501
_bR3
100 0 0 _aRavetz, Jerome R.
_994771
245 _aScientific knowledge and its social prolems
260 _aEngland :
_bPenguin,
_c1971
300 _a449 p.
490 _aPenguin books
590 _aBATCH-UPD
_b10
_c20130110
_lUCH01
_h1740
590 _aBATCH-UPD
_b10
_c20130410
_lUCH01
_h1120
590 _aBATCH-UPD
_b10
_c20130914
_lUCH01
_h0934
590 _aCONVERSION
_b10
_c20130109
_lUCH01
_h1325
650 1 4 _aCiencia
_xFilosofía.
_923124
650 1 4 _aConocimiento, Teoría del.
_927232
830 0 _aPenguin books
_986673
901 _aBK
942 _cLIBRO
949 _a501 R3
_bBC
_cLIBRO
_d33724000116554
_eLIBRO
_h43674
_i50152
_si
999 _c45040
_d45040